| 000 | 00606cam a2200229ua 4500 | ||
|---|---|---|---|
| 020 |
_a81 224 0784 6 _c130.00 |
||
| 041 |
_aeng _h |
||
| 082 |
_a621.4022 _bKOT/FU |
||
| 100 | _aKothandaraman, C P . | ||
| 245 |
_aFundamentals of heat and mass transfer / _cC P Kothandaraman. _hTextual Documents |
||
| 260 |
_aNewdelhi : _bNew Age International publishers , _c1995. |
||
| 300 | _a897 ; . | ||
| 365 | _a130.00 | ||
| 504 | _a | ||
| 942 | _cBK | ||
| 999 |
_c2437 _d2437 |
||